Fuego en el bosque /

Cómo afecta el fuego al hábitat del bosque. Recomposición del bosque luego de su devastación. Causa de incendios forestales.

Guardado en:
Autor Corporativo: Videopedia Britannica.
Formato: Deslizar
Materias:
Etiquetas: Agregar Etiqueta
Sin Etiquetas, Sea el primero en etiquetar este registro!
LEADER 00794ngm a22002175g 4500
001 CEM.cems021667
008 130507b199?##################0###0#####d
005 20240903151557.0
245 1 0 |a Fuego en el bosque /  |c Videopedia Britannica 
300 |a 10 
500 |a En soporte VHS, consultar en ventanilla. 
520 |a Cómo afecta el fuego al hábitat del bosque. Recomposición del bosque luego de su devastación. Causa de incendios forestales. 
538 |a Soporte: VHS - Norma: Pal N - Color - Compra CEMS - Hitachi=0540. 
110 2 |a Videopedia Britannica. 
082 5 5 |/ VID 
653 |a FUEGO 
653 |a MEDIO AMBIENTE 
653 |a BOSQUES 
653 |a INCENDIOS FORESTALES 
653 |a NIVEL SECUNDARIO 
859 |a CEMS  |b BIB. CEMS - Depto. Recursos Didacticos  |h 551  |i VID  |k DRD  |p 310.12  |t Ej.1